000 00602nam a2200193 i 4500
001 59303
003 ES-MaACL
005 20231222063039.0
007 t|
008 031028s1968 sp f e |||| | spa d
080 _a282(03)
100 1 _aSuárez Rodríguez, José Luis,
_d1931-2020
_9108655
245 1 0 _aEnciclopedia del mundo católico /
_crealizada por José Luis Suárez Rodríguez.
260 _a[Madrid] :
_bApis,
_c[1968]
300 _a2 v., 16 lám. ;
_c23 cm.
610 2 4 _aIglesia Católica-
_vEnciclopedias.
_9162950
852 _aES-MaACL
_jG-5452-53
999 _c59303
_d59303